000 00337nam a2200145Ia 4500
005 20240807062149.0
008 240806s9999||||xx |||||||||||||| ||eng||
041 _aeng
100 _aKramrisch Stella
245 4 _aThe hindu temple vol-2 /
260 _bMotilal Pub. New Del.
300 _a249
650 _aAnc. History
942 _cBK
999 _c10418
_d10418